000 00416nam a2200133Ia 4500
005 20260328101520.0
008 260328s9999||||xx |||||||||||||| ||und||
100 _aUniversidad del Bío-Bío
245 0 _aVivienda Social en Madera :
_b Concurso de alumnos de Arquitectura /
_cUniversidad del Bío-Bío
260 _bUniversidad del Bío-Bío
300 _a111 p.
650 _aVIVIENDA DE INTERÉS SOCIAL
942 _cBK
999 _c9576
_d9576